| 000 | 01151cam a2200313 4500 | ||
|---|---|---|---|
| 001 | 7318 | ||
| 003 | BD-RjUL | ||
| 005 | 20211208234410.0 | ||
| 008 | 140113r19671959enk b 001 0 eng | ||
| 020 | _a0719005159 | ||
| 035 | _a(BD-RjUL)7361 | ||
| 040 |
_aDLC _cDLC _dDLC _dBD-RjUL _beng |
||
| 041 | 0 | _aengenm | |
| 082 | 0 | 0 |
_a255.901 _bANC 1967 |
| 245 | 1 | 0 |
_aAncrene wisse: parts six and seven / _cedited by Geoffrey Shepherd. |
| 260 |
_aManchester ; _bManchester University Press; _aNew York : _bBarnes & Noble , _cc1959 [4th imp.1967]. |
||
| 300 |
_alxxiii, 116 p. ; _c18 cm. |
||
| 350 | _a£0.80 | ||
| 490 | 0 | _aOld & Middle English texts | |
| 500 | _aEnglish or Middle English. | ||
| 500 | _a"The present edition of parts 6 and 7 ... is based upon ... Ms. 402 of Corpus Christi College, Cambridge (CCCC Ms. 402)" | ||
| 504 | _aBibliography: p. 73-77. and index. | ||
| 650 | 0 |
_aMonasticism and religious orders for women _xRules. _922859 |
|
| 650 | 0 |
_aEnglish language _yMiddle English, 1100-1500 _xTexts. _922860 |
|
| 700 | 1 |
_aShepherd, Geoffrey, _d1918-1982. _922861 |
|
| 942 |
_2ddc _cBK |
||
| 999 |
_c7318 _d7318 |
||